| 000 | 00444nam a2200181Ia 4500 | ||
|---|---|---|---|
| 008 | 230524s9999 xx 000 0 und d | ||
| 020 | _a9788120320840 | ||
| 082 |
_a385 _bCHA |
||
| 100 | _aPartha Chakroborty | ||
| 245 | 0 | _aPrinciples of Transportation Engineering | |
| 250 | _a1 | ||
| 260 |
_aNew Delhi _bPHI _c2014 |
||
| 300 | _a"xiii,520p;" | ||
| 500 | _aQuantity Number: 7 | ||
| 650 | _aCivil | ||
| 700 | _aAnimesh Das | ||
| 942 | _cBK | ||
| 999 |
_c55506 _d55506 |
||